<?xml version='1.0' encoding='UTF-8'?><?xml-stylesheet href='static/style.xsl' type='text/xsl'?><OAI-PMH xmlns="http://www.openarchives.org/OAI/2.0/" xmlns:xsi="http://www.w3.org/2001/XMLSchema-instance" xsi:schemaLocation="http://www.openarchives.org/OAI/2.0/ http://www.openarchives.org/OAI/2.0/OAI-PMH.xsd"><responseDate>2026-04-30T15:02:55Z</responseDate><request verb="GetRecord" identifier="oai:ebiltegia.mondragon.edu:20.500.11984/2613" metadataPrefix="marc">https://ebiltegia.mondragon.edu/oai/request</request><GetRecord><record><header><identifier>oai:ebiltegia.mondragon.edu:20.500.11984/2613</identifier><datestamp>2024-01-04T21:56:38Z</datestamp><setSpec>com_20.500.11984_1736</setSpec><setSpec>com_20.500.11984_1627</setSpec><setSpec>col_20.500.11984_1972</setSpec></header><metadata><record xmlns="http://www.loc.gov/MARC21/slim" xmlns:dcterms="http://purl.org/dc/terms/" xmlns:xsi="http://www.w3.org/2001/XMLSchema-instance" xmlns:doc="http://www.lyncode.com/xoai" xsi:schemaLocation="http://www.loc.gov/MARC21/slim http://www.loc.gov/standards/marcxml/schema/MARC21slim.xsd">
   <leader>00925njm 22002777a 4500</leader>
   <datafield ind2=" " ind1=" " tag="042">
      <subfield code="a">dc</subfield>
   </datafield>
   <datafield ind2=" " ind1=" " tag="720">
      <subfield code="a">Mondragon Unibertsitatea</subfield>
      <subfield code="e">author</subfield>
   </datafield>
   <datafield ind2=" " ind1=" " tag="260">
      <subfield code="c">2009-05-27</subfield>
   </datafield>
   <datafield ind2=" " ind1=" " tag="520">
      <subfield code="a">Zortzi bikotetatik hoberenak izan ziren eta finalean Aitor eta Joannesen aurka 2-1  gailendu ondoren merezitako garaipena eskuratu zuten.</subfield>
   </datafield>
   <datafield ind2=" " ind1=" " tag="520">
      <subfield code="a">Entre 8 parejas que participaron fuerón los mejores y tras ganar en la final a Aitor y Joannes por 2-1, obtuvieron el merecido triunfo</subfield>
   </datafield>
   <datafield ind1="8" ind2=" " tag="024">
      <subfield code="a">https://hdl.handle.net/20.500.11984/2613</subfield>
   </datafield>
   <datafield tag="653" ind2=" " ind1=" ">
      <subfield code="a">Kirol-zerbitzua</subfield>
   </datafield>
   <datafield ind2="0" ind1="0" tag="245">
      <subfield code="a">Xuban Peña eta Olaia Mtnez de Irujo, Huheziko udaberri mus txapelketako jaun eta jabe</subfield>
   </datafield>
   <datafield ind2="0" ind1="0" tag="245">
      <subfield code="a">Xuban Peña y Olaia Mtnez de Irujo, campeones de mus del campeonato pimaveral de Huhezi</subfield>
   </datafield>
</record></metadata></record></GetRecord></OAI-PMH>